000 00348nam a2200145Ia 4500
008 221030s9999 xx 000 0 und d
041 _aEnglish
082 _a105.23
100 _aP. C. Wren
245 0 _aHigh School English Grammar & Composition
_cby P. C. Wren , H. Martin
260 _c0
650 _aB
700 _aH. Martin
942 _cBK
999 _c12535
_d12535